01177nam a2200193Ia 4500001001000000003001000010008004100020040002500061041001200086100002100098245007200119250001100191260009200202300002700294500026200321501011400583520026200697650002400959L230-5776IT-CnALBA170116s9999||||xx |||||||||||||| ||und|| aIT-CnALBAcIT-CnALBA aLATINO  aCARTECHINI SISTO 0aDE VALORE NOTARUM THEOLOGICARUM. DE CRITERIIS AD EAS DIGNOSCENDAS.  a1a ed. aROMAbGREGORIANA PONTIFICIA UNIVERSITÀc1951 [1° Ed.:1951 - Ed.Ling.Originale: 1951] a230 p. (prefazione: 5) aDOPPIONE. NOTE TEOLOGICHE E CENSURE. VERITÀ DI FEDE DIVINA. MAGISTERO. FEDE ECCLESIASTICA. ERRORE NELLA FEDE. PROPOSIZIONE PROSSIMA ALLA FEDE. PROPOSIZIONE TEOLOGICAMENTE CERTA. PROPOSIZIONE CERTA. PROPOSIZIONE TEMERARIA. RAPPORTO TRA LE NOTE. IMMUTABILIT aSocietà San Paolo EM - Piazza San Paolo, 14 - 12051 ALBA (CN) (non commercial uses only) ® Copyright 2017 aDOPPIONE. NOTE TEOLOGICHE E CENSURE. VERITÀ DI FEDE DIVINA. MAGISTERO. FEDE ECCLESIASTICA. ERRORE NELLA FEDE. PROPOSIZIONE PROSSIMA ALLA FEDE. PROPOSIZIONE TEOLOGICAMENTE CERTA. PROPOSIZIONE CERTA. PROPOSIZIONE TEMERARIA. RAPPORTO TRA LE NOTE. IMMUTABILIT aDOGMATICA CRISTIANA